Manitoba Premiers - Statistics

General Stats
  • This quiz has been taken 25 times
  • The average score is 5 of 23
Answer Stats
Time in Office Political Party Answer % Correct
2016 - Present Progressive Conservative Party Brian Pallister
90%
2009 - 2016 New Democratic Party Greg Selinger
71%
1999 - 2009 New Democratic Party Gary Doer
62%
1988 - 1999 Progressive Conservative Party Gary Filmon
57%
1958 - 1967 Progressive Conservative Party Dufferin Roblin
43%
1900 - 1915 Conservative Party Sir Rodmond Roblin
38%
1977 - 1981 Progressive Conservative Party Sterling Lyon
29%
1969 - 1977 New Democratic Party Edward Schreyer
24%
1981 - 1988 New Democratic Party Howard Pawley
24%
1948 - 1958 Liberal-Progressive Party Douglas Lloyd Campbell
14%
1922 - 1943 Progressive Party John Bracken
14%
1872 - 1874 None Henry Joseph Clarke
5%
1900 Conservative Party Sir Hugh John Macdonald
5%
1888 - 1900 Liberal Party Thomas Greenway
5%
1967 - 1969 Progressive Conservative Party Walter Weir
5%
1870 - 1871 None Alfred Boyd
0%
1887 - 1888 None David Howard Harrison
0%
1878 - 1887 None John Norquay
0%
1871 - 1872 None Marc-Amable Girard
0%
1874 None No Premier
0%
1874 - 1878 None Robert Atkinson Davis
0%
1943 - 1948 Liberal-Progressive Party Stuart Garson
0%
1915 - 1922 Liberal Party Tobias Norris
0%
No matching quizzes found
Score Distribution
Percent of People with Each Score
Percentile by Number Answered
Your Score History
You have not taken this quiz